000 01204cam a2200289 a 4500
001 119263
003 GBCCL
005 20241126110342.0
008 710402s1970 miuab b 001 0 eng
010 _a 73120050
029 1 _aNLGGC
_b781990580
035 _a(OCoLC)ocm00130524
040 _aDLC
_cDLC
_dOCL
_dLBB
049 _aLBBK
_v1-7
_aLBBA
_v1-2, 4-5
_aLBBC
_v1-7
050 0 _aBR145
_b.L33
082 0 _a270
_bLAT
090 _aBR145
_b.L33 1970b
100 1 _aLatourette, Kenneth Scott,
_d1884-1968.
245 1 2 _aA history of the expansion of Christianity /
_cby Kenneth Scott Latourette.
260 _aGrand Rapids :
_bZondervan Pub. House,
_cc1970.
300 _a7 v. :
_bill., maps ;
_c22 cm.
490 0 _aContemporary evangelical perspectives
504 _aIncludes bibliographical references and indexes.
505 0 _aV. 1. The first five centuries -- V. 2. The thousand years of uncertainty -- V. 3. Three centuries of advances -- V. 4. The great century: Europe and the United States.--V. 5. The great century: the Americas, Australasia and Africa -- V. 6. The great century: North Africa and Asia -- V. 7. Advance through storm.
650 0 _aChurch history.
942 _2ddc
_cBK
_017
999 _c609
_d609